Créoles à base lexicale française - Statistiques

Statistiques générales
  • Ce quiz a été pris 63 fois
  • Le résultat moyen est 5 sur 20
Statistiques - réponses
Pays Langue Locuteurs % Correct
Maurice Créole mauricien 1,2 million
92%
Haïti Créole haïtien 13 millions
71%
France Créole guadeloupéen >500 000
61%
France Créole martiniquais 418 000
58%
France Créole réunionnais 455 000
51%
France Créole guyanais 250 000 à 300 000
39%
Seychelles Créole seychellois 70 000
32%
Dominique Créole dominiquais 42 600
22%
États-Unis Créole louisianais <10 000
19%
Grenade Créole grenadais 2 300
17%
Sainte-Lucie Créole saint-lucien 700 000
17%
Trinité-et-Tobago Créole trinidadien 3 800
8%
Maurice Créole rodriguais 40 000
7%
Maurice/Royaume-Uni Créole chagossien 1 800
3%
Venezuela Créole vénézuélien n.a.
3%
Maurice Créole agaléen <1 000
2%
France Créole saintois ≈3 500
2%
Brésil Karipúna 2 400
2%
Viêt Nam Tây bồi Éteint
2%
France Tayo 2 000
2%
Aucun quiz correspondant
Distribution des résultats
% des personnes avec chaque résultat
Percentile par nombre de réponses
Votre historique - résultats
Vous n’avez pas pris ce quiz